Welcome to CU Library Online Public Access Catalogue (OPAC)

Medical-Surgical Nursing (Record no. 7831)

MARC details
000 -LEADER
fixed length control field 00660nam a22001937a 4500
005 - DATE AND TIME OF LATEST TRANSACTION
control field 20251027194438.0
008 - FIXED-LENGTH DATA ELEMENTS--GENERAL INFORMATION
fixed length control field 251027b |||||||| |||| 00| 0 eng d
020 ## - INTERNATIONAL STANDARD BOOK NUMBER
International Standard Book Number 9781556644306
050 ## - LIBRARY OF CONGRESS CALL NUMBER
Classification number RT41
Item number .M488
245 ## - TITLE STATEMENT
Title Medical-Surgical Nursing
Remainder of title Assessment and Management of Clinical Problems
Statement of responsibility, etc. edited by Sharon Mantik Lewis, Margaret Mclean Heitkemper & Shannon Ruff Dirksen
250 ## - EDITION STATEMENT
Edition statement 5th ed.
260 ## - PUBLICATION, DISTRIBUTION, ETC.
Place of publication, distribution, etc. St. Louis
Name of publisher, distributor, etc. Mosby
Date of publication, distribution, etc. 2000
300 ## - PHYSICAL DESCRIPTION
Extent xxxi.1998p.
Other physical details ill. color
Dimensions 28cm
500 ## - GENERAL NOTE
General note includes index
700 ## - ADDED ENTRY--PERSONAL NAME
Personal name Lewis, Sharon Mantik
700 ## - ADDED ENTRY--PERSONAL NAME
Personal name Heitkemper, Margaret Mclean
700 ## - ADDED ENTRY--PERSONAL NAME
Personal name Dirksen, Shannon Ruff
942 ## - ADDED ENTRY ELEMENTS (KOHA)
Source of classification or shelving scheme Library of Congress Classification
Koha item type Books
Edition 5th ed.
Suppress in OPAC No
999 ## -
-- 7831
-- 7831
Holdings
Withdrawn status Lost status Source of classification or shelving scheme Damaged status Not for loan Collection Home library Current library Shelving location Date acquired Total checkouts Full call number Barcode Date last seen Copy number Price effective from Koha item type
    Library of Congress Classification     Non-fiction Science Library (Miotso) Science Library (Miotso) General stacks 10/27/2025   RT41 .M488 MED SLM00004624 10/27/2025 1 10/27/2025 Books
© 2023-2024 Copyright: Central University Libraries. All Rights Reserved | Created by: Mahone Tech Office